[Event "Landesliga U20 Sued 1617"]
[Site "Bayern"]
[Date "2017.01.21"]
[Round "4.4"]
[White "Duca, Alexandru"]
[Black "Alexandrov, Dimitri"]
[Result "0-1"]
[WhiteElo "1267"]
[BlackElo "1444"]
[PlyCount "82"]
[EventDate "2016.11.12"]
[EventType "team-tourn"]
[EventRounds "7"]
[EventCountry "GER"]
[SourceTitle "EXT 2022"]
[Source "ChessBase"]
[SourceDate "2021.10.06"]
[SourceVersion "1"]
[SourceVersionDate "2021.10.06"]
[SourceQuality "1"]
[WhiteTeam "Haar U20"]
[BlackTeam "Ergolding FC U20"]
[WhiteTeamCountry "GER"]
[BlackTeamCountry "GER"]

1. e4 e5 2. d4 exd4 3. c3 dxc3 4. Bc4 d6 5. Nf3 Bg4 6. Nxc3 c6 7. h3 Bxf3 8. Qxf3 Qf6 9. Qg4 Nd7 10. f4 Qg6 11. Qxg6 fxg6 12. Be3 Ngf6 13. 0-0 b5 14. Bd3 Be7 15. g4 Nc5 16. Bxc5 dxc5 17. e5 c4 18. exf6 Bc5+ 19. Kg2 cxd3 20. fxg7 Rg8 21. Ne4 Bd4 22. Rad1 Rxg7 23. b3 Re7 24. Ng3 Re3 25. Rfe1 Rd8 26. Nf1 Rxe1 27. Rxe1+ Kf7 28. Rd1 Bc3 29. Nd2 Ke6 30. Kf3 Kd5 31. Ne4 Kd4 32. Nf2 d2 33. Ne4 Kd3 34. Nxd2 Bxd2 35. Kg3 Ke4 36. a3 Bxf4+ 37. Kh4 Rxd1 38. a4 bxa4 39. bxa4 Rd3 40. a5 h6 41. a6 Bg3# 0-1